00810 2200301 4500001002100000005001500021035002000036007000300056040001700059100002400076245005500100250001200155300003100167041000800198082001100206090001800217264003800235336002100273337003000294338002300324850001000347008004100357084001700398020002200415504002700437650002100464990002300485INLIS00000000000570220260426120850 a0010-0222000792ta aSBPUPADbInd0 aTim PPLHePengarang1 aAda Kehidupan Di Tanah Yang Kita Injak /cTim PPLH a.-Cet 1 av,34 hal. :bIlus ;c21 cm0 aInd a330.15 a332 HAR m 9-2 a.--Jakarta :bRizky Grafis,c2008 2rdacontentaTeks 2rdamediaaTanpa Perantara 2rdacarrieraVolume aPUPAD260426 0  a330.15 HEN s a978-602-8179-38-6 abibliografi, hlm 33-34 4aLingkungan Hidup a9454/H/KAPD-PDG/09